| 000 | nam a22 7a 4500 | ||
|---|---|---|---|
| 999 |
_c43772 _d43772 |
||
| 003 | OSt | ||
| 005 | 20180220143247.0 | ||
| 008 | 180220b xxu||||| |||| 00| 0 eng d | ||
| 040 | _cIIMT | ||
| 100 | _aLAXMIKANTH,M | ||
| 245 | _aPUBLIC ADMINISTRATION | ||
| 260 |
_aCHENNAI _bMCGRAW HILL EDUCATION (INDIA) PRIVATE LIMITED _c2017 |
||
| 300 | _a982 | ||
| 942 |
_2ddc _c02 |
||